000 00743nam a2200217 a 4500
001 000023175
005 20200930022034.0
008 101129s1972 mx r 000 | spa d
040 _aDO-SdBNP
_bspa
_cBNPHU
082 _a651.75
_bA638c, 1972
100 1 _aAñorga Larralde, Joaquín
_947713
245 1 0 _aCorrespondencia comercial /
_cJoaquín Añorga Larralde.
250 _a3a ed.
260 _aNew York :
_bMinerva Books,
_c1972.
300 _a223 p. ;
_c22 cm.
500 _aTexto útil para los profesores, los estudiantes, las secretarias, los corresponsales comerciales
500 _aIncluye índice de termionología mercantil.
650 4 _aCorrespondencia comercial
_938389
650 4 _aArte epistolar
_944300
049 _aBNGR
999 _c22672
_d22672